000 00953nam a22002417a 4500
999 _c11923
_d11923
003 AR-CdUCM
008 190405b ||||| |||| 00| 0 spa d
040 _aMUNICIPALIDAD PROVINCIAL DEL CUSCO
_cBIBLIOTECA MUNICIPAL DEL CUSCO
082 _a301 /
_bP348 / 1950
100 _aPaz Soldán, Carlos Enrique
_929541
245 _aLa demogenia peruana y sus problemas médico-sociales /
260 _aLima :
_bInstituto de Medicina Social,
_c1950.
300 _a222 páginas ;
_c21 cm.
505 _aContenido: El renacer de la etnia y el arte de partear en el Perú -- La lección de los reyes y el desorden demogénico nacional -- Las migraciones en el destino demogénico peruano ...
650 _aPerú
_935
650 _aHigiene y sanidad publica
_929542
650 _aObstetricia
_929543
650 _aHistoria
_9136
650 _aSalud pública
_96404
650 _aCondiciones sociales
_91132
942 _2ddc
_cLIBROS
945 _acmm
_d2019-04-05